00583nam a2200193Ia 450000500170000000800410001702000150005808200160007324500760008926000300016530000170019565000100021265000190022265000130024170000180025494200060027295200980027899900130037620240719011725.0240331s9999 xx 000 0 und d a0415911869 a200.82bMIX 0aMixed blessings :bgender and religious fundamentalism cross culturally aNew YorkbRoutledgec1997 avi, 275 p ., aWomen aFundamentalism aReligion aBrink,J.eedt cL 001040708LaWERCLbWERCLcSSCd2024-03-31l0o 200.82 MIXp2794r2024-03-31w2024-03-31yL c803d803